<?xml version="1.0" encoding="UTF-8"?>
<marc:record xmlns:marc="http://www.loc.gov/MARC21/slim">
   <marc:leader>00000nam a2200000 a 4500</marc:leader>
   <marc:datafield ind1="1" ind2=" " tag="100">
      <marc:subfield code="a">Clarke, Lucy</marc:subfield>
      <marc:subfield code="4">aut</marc:subfield>
      <marc:subfield code="e">Verfasser/-in</marc:subfield>
   </marc:datafield>
   <marc:datafield ind1=" " ind2=" " tag="653">
      <marc:subfield code="a">Fiktionale Darstellung</marc:subfield>
   </marc:datafield>
   <marc:datafield ind1=" " ind2=" " tag="653">
      <marc:subfield code="a">Erzählende Literatur: Gegenwartsliteratur ab 1945</marc:subfield>
   </marc:datafield>
   <marc:datafield ind1="0" ind2="0" tag="245">
      <marc:subfield code="a">Der Ozean unserer Erinnerung</marc:subfield>
   </marc:datafield>
   <marc:datafield ind1="0" ind2="0" tag="245">
      <marc:subfield code="b">Roman</marc:subfield>
   </marc:datafield>
   <marc:datafield ind1="0" ind2="0" tag="245">
      <marc:subfield code="c">Clarke, Lucy</marc:subfield>
   </marc:datafield>
   <marc:datafield ind1=" " ind2="1" tag="264">
      <marc:subfield code="a">München</marc:subfield>
      <marc:subfield code="b">Piper</marc:subfield>
   </marc:datafield>
   <marc:datafield ind1=" " ind2=" " tag="250">
      <marc:subfield code="a">2. Auflage</marc:subfield>
   </marc:datafield>
   <marc:datafield ind1="1" ind2=" " tag="520">
      <marc:subfield code="a">Zwei Schwestern&#xD;
&#xD;
Nach dem frühen Tod ihrer Eltern ist Lori für ihre Schwester Erin der sichere Hafen. Die beiden schwören sich: Wir werden immer füreinander da sein. Aber es kommt anders...&#xD;
&#xD;
Eine kleine Insel&#xD;
&#xD;
Ein gemeinsamer Urlaub f den Fidschi-Inseln soll die Schwestern einander wieder näherbringen. Doch nach einem Zwischenstopp fliegt Lori allein weiter. Und das Flugzeug verschwindet spurlos...&#xD;
&#xD;
Eine schicksalhafte Entdeckung&#xD;
&#xD;
Fieberhaft sucht Erin nach ihrer Schwester, ohne Erfolg. Bis zwei Jahre später der Pilot der verschollenen Maschine wieder auftaucht. Und Lori? Wenn sie noch am Leben ist, wird sie sicher Kontakt zu Erin aufnehmen. Oder etwa nicht?</marc:subfield>
   </marc:datafield>
   <marc:datafield ind1=" " ind2=" " tag="020">
      <marc:subfield code="a">9783492063067</marc:subfield>
      <marc:subfield code="9">9783492063067</marc:subfield>
   </marc:datafield>
   <marc:datafield ind1=" " ind2=" " tag="020">
      <marc:subfield code="a">3492063063</marc:subfield>
      <marc:subfield code="9">3492063063</marc:subfield>
   </marc:datafield>
   <marc:datafield ind1=" " ind2=" " tag="041">
      <marc:subfield code="a">ger</marc:subfield>
   </marc:datafield>
   <marc:datafield ind1=" " ind2=" " tag="338">
      <marc:subfield code="a">Band</marc:subfield>
   </marc:datafield>
   <marc:datafield ind1=" " ind2=" " tag="300">
      <marc:subfield code="a">457 Seiten</marc:subfield>
   </marc:datafield>
</marc:record>
